Statistiques concernant Arrondissements de France - Tapez la première lettre

Cliquez ici pour prendre le quiz!

Statistiques générales

  • Ce quiz a été pris 21 fois
  • Le résultat moyen est 140 sur 333

Réponses sur la Carte

Les réponses sont colorées sur une échelle allant du rouge au vert en fonction du pourcentage des utilisateurs qui les ont devinées à leur premier essai. Vous pouvez retrouver ces pourcentages ci-dessous.
 

Statistiques - réponses

Arrondissements% Correct
Les Sables-d'Olonne
93%
Mende
93%
Morlaix
93%
Abbeville
86%
Agen
86%
Ajaccio
86%
Apt
86%
Avignon
86%
Bastia
86%
Beauvais
86%
Besançon
86%
Blaye
86%
Brest
86%
Calvi
86%
Carpentras
86%
Château-Chinon
86%
Châteauroux
86%
Condom
86%
Die
86%
Dinan
86%
Évry-Courcouronnes
86%
Jonzac
86%
Lannion
86%
Les Andelys
86%
Limoges
86%
Limoux
86%
Lodève
86%
Marseille
86%
Montreuil-sur-Mer
86%
Mortagne-au-Perche
86%
Nîmes
86%
Reims
86%
Saintes
86%
Saint-Laurent-du-Maroni
86%
Sarlat-la-Canéda
86%
Saumur
86%
Val de Briey
86%
Vichy
86%
Argenteuil
79%
Arles
79%
Aubusson
79%
Avallon
79%
Bagnères-de-Bigorre
79%
Belley
79%
Bourges
79%
Brioude
79%
Chalon-sur-Saône
79%
Digne-les-Bains
79%
Douai
79%
La Trinité
79%
Libourne
79%
Mamers
79%
Mantes-la-Jolie
79%
Montluçon
79%
Montpellier
79%
Moulins
79%
Nantua
79%
Nérac
79%
Perpignan
79%
Privas
79%
Saint-Brieuc
79%
Strasbourg
79%
Vesoul
79%
Vienne
79%
Angers
71%
Bressuire
71%
Cambrai
71%
Chartres
71%
Château-Thierry
71%
Chaumont
71%
Dijon
71%
Dole
71%
Largentière
71%
Lure
71%
Marmande
71%
Molsheim
71%
Oloron-Sainte-Marie
71%
Saint-Dizier
71%
Saint-Flour
71%
Saint-Jean-d'Angély
71%
Valence
71%
Vierzon
71%
Béthune
64%
Bordeaux
64%
Charolles
64%
Le Havre
64%
Le Puy-en-Velay
64%
Saint-Dié-des-Vosges
64%
Saint-Paul
64%
Senlis
64%
Tournon-sur-Rhône
64%
Vire Normandie
64%
Vitry-le-François
64%
Ambert
57%
Arras
57%
Bayeux
57%
Cayenne
57%
Charleville-Mézières
57%
Château-Gontier-sur-Mayenne
57%
Clermont-Ferrand
57%
Commercy
57%
Confolens
57%
Coutances
57%
Figeac
57%
Fontenay-le-Comte
57%
Fort-de-France
57%
Gap
57%
Grenoble
57%
Haguenau
57%
Laon
57%
Lesparre-Médoc
57%
L'Haÿ-les-Roses
57%
Lorient
57%
Millau
57%
Muret
57%
Nanterre
57%
Paris
57%
Périgueux
57%
Pontivy
57%
Sélestat
57%
Troyes
57%
Auch
50%
Autun
50%
Beaune
50%
Boulogne-sur-Mer
50%
Châteaulin
50%
Compiègne
50%
Épinal
50%
Évreux
50%
Le Blanc
50%
Le Vigan
50%
Lyon
50%
Mâcon
50%
Metz
50%
Montbard
50%
Provins
50%
Rethel
50%
Sens
50%
Tulle
50%
Ussel
50%
Vendôme
50%
Brive-la-Gaillarde
43%
Créteil
43%
Dunkerque
43%
Étampes
43%
Versailles
43%
Bar-le-Duc
36%
Clermont
36%
Guingamp
36%
Melun
36%
Montauban
36%
Orléans
36%
Saint-Benoît
36%
Sarcelles
36%
Barcelonnette
29%
Briançon
29%
Foix
29%
Forcalquier
29%
La Châtre
29%
Lisieux
29%
Montdidier
29%
Nice
29%
Saint-Jean-de-Maurienne
29%
Saint-Pierre
29%
Valenciennes
29%
Villefranche-de-Rouergue
29%
Vouziers
29%
Albertville
21%
Alençon
21%
Alès
21%
Antony
21%
Arcachon
21%
Argelès-Gazost
21%
Argentan
21%
Aurillac
21%
Auxerre
21%
Avesnes-sur-Helpe
21%
Basse-Terre
21%
Bayonne
21%
Bellac
21%
Bergerac
21%
Bernay
21%
Béziers
21%
Blois
21%
Bobigny
21%
Bonneville
21%
Caen
21%
Cahors
21%
Calais
21%
Carcassonne
21%
Castellane
21%
Castelsarrasin
21%
Céret
21%
Châteaubriant
21%
Châtellerault
21%
Cherbourg-en-Cotentin
21%
Chinon
21%
Cholet
21%
Cognac
21%
Corte
21%
Cosne-Cours-sur-Loire
21%
Dax
21%
Dieppe
21%
Dreux
21%
Épernay
21%
Florac Trois Rivières
21%
Fontainebleau
21%
Gex
21%
Gourdon
21%
Issoire
21%
Issoudun
21%
Istres
21%
La Flèche
21%
Langon
21%
La Rochelle
21%
La Roche-sur-Yon
21%
La Tour-du-Pin
21%
Laval
21%
Le Mans
21%
Le Marin
21%
Lens
21%
Lille
21%
Loches
21%
Lons-le-Saunier
21%
Mayenne
21%
Meaux
21%
Mirande
21%
Montbéliard
21%
Mulhouse
21%
Nancy
21%
Narbonne
21%
Neufchâteau
21%
Nevers
21%
Niort
21%
Nogent-le-Rotrou
21%
Nogent-sur-Marne
21%
Nogent-sur-Seine
21%
Palaiseau
21%
Pamiers
21%
Parthenay
21%
Pau
21%
Péronne
21%
Pointe-à-Pitre
21%
Pontarlier
21%
Prades
21%
Quimper
21%
Rambouillet
21%
Redon
21%
Rennes
21%
Roanne
21%
Rochefort
21%
Rodez
21%
Romorantin-Lanthenay
21%
Rouen
21%
Saint-Amand-Montrond
21%
Saint-Claude
21%
Saint-Étienne
21%
Saint-Gaudens
21%
Saint-Georges
21%
Saint-Germain-en-Laye
21%
Saint-Girons
21%
Saint-Julien-en-Genevois
21%
Saint-Lô
21%
Saint-Malo
21%
Saint-Nazaire
21%
Saint-Omer
21%
Saint-Quentin
21%
Sarrebourg
21%
Sartène
21%
Saverne
21%
Sedan
21%
Segré-en-Anjou Bleu
21%
Soissons
21%
Tarbes
21%
Thann
21%
Thiers
21%
Thionville
21%
Torcy
21%
Toul
21%
Toulon
21%
Tours
21%
Vannes
21%
Verdun
21%
Villefranche-sur-Saône
21%
Villeneuve-sur-Lot
21%
Yssingeaux
21%
Aix-en-Provence
14%
Albi
14%
Altkirch
14%
Amiens
14%
Angoulême
14%
Annecy
14%
Avranches
14%
Bar-sur-Aube
14%
Belfort
14%
Boulogne-Billancourt
14%
Bourg-en-Bresse
14%
Brignoles
14%
Castres
14%
Châlons-en-Champagne
14%
Chambéry
14%
Châteaudun
14%
Clamecy
14%
Colmar
14%
Draguignan
14%
Forbach
14%
Fougères
14%
Grasse
14%
Guéret
14%
Langres
14%
Le Raincy
14%
Louhans
14%
Lunéville
14%
Mauriac
14%
Montargis
14%
Montbrison
14%
Mont-de-Marsan
14%
Montmorillon
14%
Nantes
14%
Nontron
14%
Nyons
14%
Pithiviers
14%
Poitiers
14%
Pontoise
14%
Riom
14%
Rochechouart
14%
Saint-Denis
14%
Saint-Denis
14%
Saint-Pierre
14%
Sarreguemines
14%
Thonon-les-Bains
14%
Toulouse
14%
Vervins
14%

Distribution des résultats

Percentile par nombre de réponses

% des personnes avec chaque résultat

Votre développement - résultats

Vous n’avez pas pris ce quiz